Statistics for Most Successful College Football Teams in CFP Era

Click here to take the quiz!

General Stats

  • This quiz has been taken 149 times
  • The average score is 36 of 59

Answer Stats

PointsTeam% Correct
134Alabama
99%
130Clemson
98%
129Ohio State
96%
78Georgia
95%
63Michigan
93%
109Oklahoma
93%
49Florida
89%
55Oregon
89%
11Texas
89%
55Florida State
86%
64LSU
86%
64Notre Dame
84%
51Michigan State
83%
68Penn State
83%
54Washington
83%
42USC
80%
7Texas A&M
77%
52Auburn
75%
12UCLA
72%
31Iowa
71%
32Oklahoma State
71%
64Wisconsin
71%
31Ole Miss
70%
8Tennessee
70%
39Utah
67%
49Baylor
66%
46TCU
66%
5Cincinnati
63%
30Mississippi State
61%
16Arizona
60%
16Miami (fl)
60%
15Kansas State
59%
12Kentucky
57%
32UCF
57%
2Virginia
57%
9Minnesota
56%
16North Carolina
56%
21Washington State
55%
11Arizona State
54%
16Colorado
54%
2Iowa State
54%
41Stanford
52%
20West Virginia
52%
3Pittsburgh
51%
8Virginia Tech
50%
13Missouri
47%
14Georgia Tech
45%
15Boise State
42%
18Louisville
41%
22Northwestern
40%
8Houston
36%
6Syracuse
36%
15Memphis
33%
9Navy
30%
2North Carolina State
22%
5Fresno State
21%
11Western Michigan
21%
4Temple
17%
6Appalachian State
10%

Score Distribution

Percentile by Number Answered

Percent of People with Each Score

Your Score History

You have not taken this quiz